[Event "Sao Paulo STD U2200 op 2nd"]
[Site "Sao Paulo"]
[Date "2018.09.08"]
[Round "2"]
[White "De Souza, Diego Pereira"]
[Black "Nunes, Bruno Rossa"]
[Result "1/2-1/2"]
[WhiteElo "1754"]
[BlackElo "1459"]
[PlyCount "144"]
[EventDate "2018.09.08"]
[EventType "swiss"]
[EventRounds "6"]
[EventCountry "BRA"]
[SourceTitle "EXT 2021"]
[Source "ChessBase"]
[SourceDate "2020.10.23"]
[SourceVersion "1"]
[SourceVersionDate "2020.10.23"]
[SourceQuality "1"]

1. e4 d5 2. Nf3 dxe4 3. Ng5 Bf5 4. Nc3 Nf6 5. Bc4 e6 6. Qe2 Nc6 7. Ncxe4 Nd4 8. Qd3 a6 9. c3 b5 10. cxd4 bxc4 11. Qxc4 Qd7 12. d3 Be7 13. 0-0 h6 14. Nxf6+ Bxf6 15. Nf3 0-0 16. Bf4 Rac8 17. Ne5 Bxe5 18. Bxe5 c5 19. Qxa6 cxd4 20. Rac1 Ra8 21. Qd6 Rfd8 22. Qxd7 Rxd7 23. a3 f6 24. Rc7 Rxc7 25. Bxc7 Rc8 26. Bb6 Bxd3 27. Re1 e5 28. a4 Rc2 29. b4 Ra2 30. a5 Rb2 31. Bc5 Ba6 32. f3 d3 33. Rd1 Kf7 34. Bd6 h5 35. h4 Ke6 36. Bf8 g6 37. g4 f5 38. gxh5 gxh5 39. Bh6 Rxb4 40. Bg5 Ra4 41. Rb1 Rxa5 42. Rb6+ Kd7 43. Rh6 Bb7 44. Rh7+ Kc8 45. Rh8+ Kd7 46. Rh7+ Kc6 47. Rxh5 e4 48. fxe4 fxe4 49. Kf2 Rf5+ 50. Ke3 Kd5 51. Rh6 Kc4 52. Rh7 Bc6 53. Rc7 Kd5 54. Rc8 Rf3+ 55. Kd2 Bd7 56. Rd8 Rf2+ 57. Ke1 Rf7 58. Be3 Ke6 59. Rh8 Kf5 60. Rg8 Rf6 61. Bd4 Rg6 62. Rxg6 Kxg6 63. Kd2 Bg4 64. Ke3 Kh5 65. Bf6 Bh3 66. Bg5 Bg2 67. Be7 Kg4 68. Bg5 Bf3 69. Bf6 Kg3 70. Bg5 Kh3 71. Bf6 Kg2 72. Bg5 Kh2 1/2-1/2

[Event "Sao Paulo CC Fox op"]
[Site "Sao Paulo"]
[Date "2016.10.07"]
[Round "1"]
[White "Nunes, Bruno Rossa"]
[Black "Moyses Sobrinho, Elias"]
[Result "0-1"]
[WhiteElo "1398"]
[BlackElo "1950"]
[PlyCount "88"]
[EventDate "2016.10.07"]
[EventType "swiss"]
[EventRounds "6"]
[EventCountry "BRA"]
[SourceTitle "EXT 2018"]
[Source "ChessBase"]
[SourceDate "2017.10.13"]
[SourceVersion "1"]
[SourceVersionDate "2017.10.13"]
[SourceQuality "1"]

1. e4 Nf6 2. e5 Nd5 3. d4 d6 4. Nf3 Bg4 5. Be2 Nc6 6. exd6 exd6 7. 0-0 Be7 8. c4 Nb6 9. Nbd2 0-0 10. d5 Bxf3 11. Nxf3 Ne5 12. Nxe5 dxe5 13. Qc2 f5 14. b3 e4 15. f3 Bf6 16. Rb1 Bd4+ 17. Kh1 Qe7 18. Bb2 Bxb2 19. Qxb2 e3 20. f4 Nd7 21. Rf3 Nf6 22. Qe5 Qxe5 23. fxe5 Ng4 24. g3 Nxe5 25. Rxe3 Rae8 26. Re1 Ng6 27. Bh5 Kf7 28. Re6 Rxe6 29. Rxe6 Re8 30. Bxg6+ hxg6 31. Rxe8 Kxe8 32. Kg2 Ke7 33. Kf3 Kf6 34. g4 Ke5 35. gxf5 gxf5 36. h4 a5 37. a4 b6 38. h5 f4 39. Kf2 Ke4 40. Ke2 f3+ 41. Kf2 Kf4 42. Kf1 Ke3 43. Ke1 f2+ 44. Kf1 Kf3 0-1